000 02474nam a2200325 i 4500
001 000020686
003 DO-SdBNP
005 20250422141550.0
007 ta
008 100812s2017 dr ac 000 0 spa d
020 _a9789945908817
040 _aDO-SdBNP
_bspa
_cBNPHU
_erda
082 4 _222
100 1 _aLandolfi, Ciriaco,
_d1927-
_924264
_eautor
245 1 0 _aIntroducción al estudio de la historia de la cultura dominicana /
_c Ciriaco Landolfi ; presentación, Álvaro Caamaño.
250 _asegunda edición
264 _aSanto Domingo :
_bArchivo General de la Nación,
_c2017.
300 _a457 páginas :
_bilustraciones, retratos
_c23 cm.
336 _2rdacontent
_atexto
_btxt
337 _2rdamedia
_asin mediación
_bn
338 _2rdacarrier
_avolumen
_bnc
490 _aArchivo General de la Nación
_v307
500 _aIncluye datos biográficos del autor en las solapas.
500 _aIncluye índice onomástico
505 _aPresentación a la segunda edición --
_tUnas palabras al umbral --
_tIntroducción --
_tTérminos científicos de la cultura y nuestro caso --
_tDiferencias entre cultura y civilización --
_tLos modos y los medios --
_tAutoctonía del patrimonio cultural --
_tSupuestos históricos, sociales y culturales en el proceso formativo de la sociedad insular --
_tSanto Domingo o la dimensión universal de la historia --
_tLa factoría colombina y su quiebra --
_tLa rebelión roldanista --
_t-Bobadilla y Obando: dos episodios antagónicos --
_tLa encomienda --
_t-El trazado rectangular de la ciudad de Santo Domingo --
_tAdaptación al medio de los presupuestos culturales europeos --
_tla Colonia --
_tLas instituciones coloniales --
_tRaíces africanas del pueblo español --
_tLa esclavitud de las tres razas en Santo Domingo --
_tEl paisaje multiétnico fundacional --
_tEl mestizaje, su labor integradora --
_tEl areyto: su búsqueda inútil --
_tEl tesoro de la tradición inicial --
_tUna dialéctica de la cultura dominicana --
_tSanto Domingo en la óptica de la decadencia española: raíz histórica común y consecuencias culturales diferentes en metrópolis y colonia --
_tEl siglo XVIII en España y en santo Domingo --
_tBasilea: la ruptura del nexo metropolitano, Sus consecuencias --
_tLa anexión y su fracaso como fábrica cultural postrera de España en Santo Domingo.
590 _aInventariado, 2024/BT
700 1 _aCaamaño, Álvaro A.
_d1951-
_epresentación
_978208
942 _2ddc
_cLBS1
956 _aLOPEREZ
999 _c20190
_d20190